Least Populous Dependent Territories - Statistics

General Stats
  • This quiz has been taken 127 times
  • The average score is 7 of 10
Answer Stats
Country Population Dependent Territory % Correct
Norway 2.6k Svalbard
89%
New Zealand 1.1k Niue
87%
Australia 2.2k Christmas Island
83%
Australia 596 Cocos Islands
78%
New Zealand 1.4k Tokelau
71%
Australia 2.2k Norfolk Island
70%
United Kingdom 57 Pitcairn Islands
67%
United Kingdom 2.9k Falkland Islands
48%
United Kingdom 5.2k Montserrat
40%
France 5.5k Saint Pierre and Miquelon
40%
No matching quizzes found
Score Distribution
Percent of People with Each Score
Percentile by Number Answered
Your Score History
You have not taken this quiz